000 01013cam a2200301 a 4500
001 000022936
005 20200930021900.0
008 900823s1981 sp a b 000 d spa d
020 _a8423920038
040 _aDO-SdBNP
_bspa
_cBNPHU
082 _a862.64
_bB928h, 1981
100 1 _aBuero Vallejo, Antonio,
_d1916-2000.
_917657
245 1 0 _aHistoria de una escalera = las meninas /
_cAntonio Buero Vallejo ; prólogo RIcardo Domenech.
246 1 _aLas meninas
250 _a5a ed.
260 _aMadrid :
_bEspasa Calpe,
_c1981.
300 _a238, [7] p. :
_bil. ;
_c17 cm.
490 1 _aSelecciones Austral.
_v3
650 4 _aTeatro español
_93071
650 4 _aLiteratura española
_ySIGLO XX
_93326
700 1 _aDomenech, Ricardo,
_epról.
_917659
700 1 _aDoménech, Ricardo
_eintrod.
_917659
700 1 2 _aBuero Vallejo, Antonio,
_d1916-2000.
_tMeninas.
_f1987.
_947157
740 0 _aHistoria de una escalera.
740 0 _aMeninas.
830 0 _aSelecciones Austral.
_v3
_919172
049 _aBNGR
999 _c22433
_d22433